Stone blind (Record no. 4556)

MARC details
000 -CABECERA
campo de control de longitud fija 02106cam a2200349 i 4500
001 - NÚMERO DE CONTROL
campo de control 9952867795505158
005 - FECHA Y HORA DE LA ÚLTIMA TRANSACCIÓN
campo de control 20250321123214.0
008 - DATOS DE LONGITUD FIJA--INFORMACIÓN GENERAL
campo de control de longitud fija 230224r20232022enka 000 f eng d
015 ## - NÚMERO DE BIBLIOGRAFÍA NACIONAL
Número de bibliografía nacional GBC369678
Fuente bnb
016 7# - NÚMERO DE CONTROL DE UNA AGENCIA BIBLIOGRÁFICA NACIONAL
Número de control del registro 021015609
Fuente Uk
020 ## - NÚMERO INTERNACIONAL ESTÁNDAR DEL LIBRO
Número Internacional Estándar del Libro 9781529061512
Información calificativa paperback
035 ## - NÚMERO DE CONTROL DEL SISTEMA
Número de control de sistema (OCoLC)1376270200
035 ## - NÚMERO DE CONTROL DEL SISTEMA
Número de control de sistema (EXLNZ-01OCUL_NETWORK)994167760705151
040 ## - FUENTE DE LA CATALOGACIÓN
Centro catalogador/agencia de origen UKMGB
Lengua de catalogación eng
Normas de descripción rda
Centro/agencia transcriptor UKMGB
Centro/agencia modificador OCLCF
-- OCLCQ
-- OCLCO
-- UKRFW
-- UKNYK
-- BARNS
-- Q2U
050 #4 - SIGNATURA TOPOGRÁFICA DE LA BIBLIOTECA DEL CONGRESO
Número de clasificación PR6108.A9686
100 ## - ENTRADA PRINCIPAL--NOMBRE DE PERSONA
Nombre de persona Haynes, Natalie,
Término indicativo de función/relación author.
9 (RLIN) 24961
245 10 - MENCIÓN DE TÍTULO
Título Stone blind
Mención de responsabilidad, etc. / Natalie Haynes.
264 #1 - PRODUCCIÓN, PUBLICACIÓN, DISTRIBUCIÓN, FABRICACIÓN Y COPYRIGHT
Producción, publicación, distribución, fabricación y copyright London :
Nombre del de productor, editor, distribuidor, fabricante Picador,
Fecha de producción, publicación, distribución, fabricación o copyright 2023.
300 ## - DESCRIPCIÓN FÍSICA
Extensión 368 pages :
Otras características físicas illustrations ;
Dimensiones 20 cm
500 ## - NOTA GENERAL
Nota general Originally published: London: Mantle, 2022.
520 8# - SUMARIO, ETC.
Sumario, etc. Growing up with her sisters, Medusa quickly realises that she is the only one who gets older, experiences change, feels weakness. Her mortal lifespan gives her an urgency that her family will never know. When, in Athene's temple, desire pushes Poseidon to commit the unforgivable, Medusa's mortal life is changed forever. Athene, furious at the sacrilege committed, directs her revenge on Medusa. The punishment is that she is turned into a Gorgon: sharp teeth, snakes for hair, and a gaze that will turn any living creature to stone. Appalled by her own reflection, Medusa can no longer look upon anything she loves without destroying it. She condemns herself to a life of solitude in the shadows to limit her murderous range. That is, until Perseus embarks upon a fateful quest to fetch the head of a Gorgon. This is the story of how a young woman became a monster. And how she was never really a monster at all.
600 #0 - PUNTO DE ACCESO ADICIONAL DE MATERIA--NOMBRE DE PERSONA
Nombre de persona Medusa
Títulos y otros términos asociados al nombre (Gorgon)
Subdivisión de forma Fiction.
650 #0 - PUNTO DE ACCESO ADICIONAL DE MATERIA--TÉRMINO DE MATERIA
Término de materia o nombre geográfico como elemento de entrada Greece.
Fuente del encabezamiento o término thema
9 (RLIN) 24963
650 #0 - PUNTO DE ACCESO ADICIONAL DE MATERIA--TÉRMINO DE MATERIA
Término de materia o nombre geográfico como elemento de entrada BCE period - Protohistory.
Fuente del encabezamiento o término thema
9 (RLIN) 24964
650 #0 - PUNTO DE ACCESO ADICIONAL DE MATERIA--TÉRMINO DE MATERIA
Término de materia o nombre geográfico como elemento de entrada Fantasy
Fuente del encabezamiento o término thema
9 (RLIN) 11322
650 #0 - PUNTO DE ACCESO ADICIONAL DE MATERIA--TÉRMINO DE MATERIA
Término de materia o nombre geográfico como elemento de entrada Myth & legend told as fiction.
Fuente del encabezamiento o término thema
9 (RLIN) 24965
650 #0 - PUNTO DE ACCESO ADICIONAL DE MATERIA--TÉRMINO DE MATERIA
Término de materia o nombre geográfico como elemento de entrada Historical fiction
Fuente del encabezamiento o término thema
9 (RLIN) 7788
655 #0 - TÉRMINO DE INDIZACIÓN--GÉNERO/FORMA
Datos o término principal de género/forma Fantasy fiction.
9 (RLIN) 22510
655 #0 - TÉRMINO DE INDIZACIÓN--GÉNERO/FORMA
Datos o término principal de género/forma Myth & legend told as fiction.
Fuente del término thema
9 (RLIN) 24966
655 #0 - TÉRMINO DE INDIZACIÓN--GÉNERO/FORMA
Datos o término principal de género/forma Historical fiction
Fuente del término thema
9 (RLIN) 22722
942 ## - ELEMENTOS DE ENTRADA AGREGADA (KOHA)
Fuente del sistema de clasificación o colocación Clasificación de Library of Congress
Holdings
Estado de retiro Estado de pérdida Fuente del sistema de clasificación o colocación Estado dañado No para préstamo Biblioteca de origen Biblioteca actual Fecha de adquisición Total de préstamos Signatura topográfica completa Código de barras Fecha visto por última vez Fecha del último préstamo Número de copia Precio válido a partir de Tipo de ítem Koha
    Clasificación de Library of Congress     TBS Barcelona TBS Barcelona 21/03/2025 1 P-EN HAY B05879 14/11/2025 17/06/2025 1 21/03/2025 Book

Powered by Koha